000 00825nam a2200217Ii 4500
003 JO-AjNU
008 230605s9999||||xx |||||||||||||| ||und||
020 _a978-1-56564-619-3
040 _aJO-AjNU
_bara
_erda
_cJO-AjNU
041 _aara
050 1 4 _aBP75.2.A4858 2014
100 3 _aالعلواني، طه جابر,
_eauthor
_952263
245 0 0 _aإشكالية التعامل مع السنة النبوية
250 _aط1
264 3 1 _aفيرجينيا: المعهد العالمي للفكر الاسلامي، 2014
300 _a421ص
_bقائمة المراجع ص 387-411 ؛ كشاف الموضوعات والاعلام ص 413-421
336 _atext
_btxt
_2rdacontent
337 _aunmediated
_bn
_2rdamedia
338 _avolume
_bnc
_2rdacarrier
650 4 _aالحديث- السنة النبوية
_952264
999 _aA23141
_c26709
_d26709